Statistiques concernant Livre à l'auteur n°17

Cliquez ici pour prendre le quiz!

Statistiques générales

  • Ce quiz a été pris 66 fois
  • Le résultat moyen est 6 sur 14

Statistiques - réponses

LivreAuteur% Correct
Le Petit PrinceAntoine de Saint-Exupéry
100%
Le MisanthropeMolière
96%
Candide ou l’OptimismeVoltaire
91%
Le ProcèsFranz Kafka
75%
L'existentialisme est un humanismeJean-Paul Sartre
61%
L'AlchimistePaulo Coelho
54%
Les MandarinsSimone de Beauvoir
36%
Le Tiers LivreFrançois Rabelais
34%
DécaméronBoccace
25%
Le Paradis perduJohn Milton
23%
Le Maître et MargueriteMikhaïl Boulgakov
23%
Le Dernier Soupir du MaureSalman Rushdie
14%
Brokeback MountainAnnie Proulx
7%
Miles City, MontanaAlice Munro
5%

Distribution des résultats

Percentile par nombre de réponses

% des personnes avec chaque résultat

Votre développement - résultats

Vous n’avez pas pris ce quiz